"VILLAGRAN, LEONARDO EMANUEL S/ ABUSO SEXUAL AGRAVADO POR EL VINCULO" / (Record no. 1279)
[ view plain ]
| 000 -CABECERA | |
|---|---|
| Campo de control de longitud fija | 01434nam a22003257a 4500 |
| 005 - FECHA Y HORA DE LA ULTIMA TRANSACCION (NR) | |
| Campo de control | 20260504121447.0 |
| 008 - ELEMENTOS DE LONGITUD FIJA -- INFORMACION GENERAL (NR) | |
| Campo de control de longitud fija | 260504s2026 ag ||||| |||| 00| 0 spa d |
| 020 ## - TIPO DE RESOLUCION Y NUMERO | |
| Número de Resolución | Ac. 03/26 TSJ - Sala Penal Fecha 29/04/26 |
| Tipo de Resolución | Acuerdos |
| 110 ## - ASIENTO PRINCIPAL--NOMBRE CORPORATIVO (NR) | |
| Nombre corporativo o de jurisdicción como elemento de entrada (NR) | Tribunal Superior de Justicia - Sala Penal |
| 9 (RLIN) | 18 |
| 245 11 - CARATULA | |
| Caratula | "VILLAGRAN, LEONARDO EMANUEL S/ ABUSO SEXUAL AGRAVADO POR EL VINCULO" / |
| Mención de responsabilidad, etc. (NR) | Tribunal Superior de Justicia - Sala Penal |
| 300 ## - DESCRIPCION FISICA (R) | |
| Extensión (R) | 68 p. |
| Otros detalles físicos (NR) | |
| 518 ## - NOTA DE FECHA/HORA Y LUGAR DE UN EVENTO (R) | |
| Fecha de la Resolución (NR) | 29/04/26 |
| 653 ## - TERMINO DE INDIZACION - NO CONTROLADO (R) | |
| Término de indización no controlado (R) | VULNERABILIDAD DE LA VÍCTIMA |
| 653 ## - TERMINO DE INDIZACION - NO CONTROLADO (R) | |
| Término de indización no controlado (R) | VULNERACIÓN DERECHOS DE GARANTÍA CONSTITUCIONAL |
| 653 ## - TERMINO DE INDIZACION - NO CONTROLADO (R) | |
| Término de indización no controlado (R) | ARBITRARIEDAD POR FUNDAMENTACIÓN APARENTE |
| 653 ## - TERMINO DE INDIZACION - NO CONTROLADO (R) | |
| Término de indización no controlado (R) | DERECHO DE DEFENSA DEL IMPUTADO |
| 653 ## - TERMINO DE INDIZACION - NO CONTROLADO (R) | |
| Término de indización no controlado (R) | DERECHOS DE JERARQUIA CONSTITUCIONAL DEL NIÑO |
| 653 ## - TERMINO DE INDIZACION - NO CONTROLADO (R) | |
| Término de indización no controlado (R) | ART 196 1ER PÁRRAFO CPPN |
| 653 ## - TERMINO DE INDIZACION - NO CONTROLADO (R) | |
| Término de indización no controlado (R) | PRINCIPIO DE CONGRUENCIA |
| 653 ## - TERMINO DE INDIZACION - NO CONTROLADO (R) | |
| Término de indización no controlado (R) | TRATADOS INTERNACIONALES DE DERECHOS HUMANOS |
| 653 ## - TERMINO DE INDIZACION - NO CONTROLADO (R) | |
| Término de indización no controlado (R) | LEY 26061 |
| 653 ## - TERMINO DE INDIZACION - NO CONTROLADO (R) | |
| Término de indización no controlado (R) | PERSPECTIVA DE NIÑEZ |
| 653 ## - TERMINO DE INDIZACION - NO CONTROLADO (R) | |
| Término de indización no controlado (R) | INTERÉS SUPERIOR DEL NIÑO |
| 700 1# - FIRMANTES - NOMBRE PERSONAL (R) | |
| Nombre personal (NR) | Elosu Larumbe, Alfredo Alejandro |
| 9 (RLIN) | 12 |
| 700 1# - FIRMANTES - NOMBRE PERSONAL (R) | |
| Nombre personal (NR) | Gennari Maria Soledad |
| 9 (RLIN) | 27 |
| 774 ## - NUMERO DE LEGAJO | |
| Número de Legajo | LEG MPFNQ 188258/2021 |
| 856 ## - LOCALIZACION Y ACCESO ELECTRONICOS (R) | |
| Identificador Uniforme del Recurso (“URI”) (R) | <a href="http://jurispenal.jusneuquen.gov.ar/cgi-bin/koha/opac-retrieve-file.pl?id=a239b552f5aa761c433eafecccb74fba">http://jurispenal.jusneuquen.gov.ar/cgi-bin/koha/opac-retrieve-file.pl?id=a239b552f5aa761c433eafecccb74fba</a> |
| Texto del vínculo (R) | Texto completo Ac. 03/26 |
| 856 ## - LOCALIZACION Y ACCESO ELECTRONICOS (R) | |
| Identificador Uniforme del Recurso (“URI”) (R) | <a href="http://jurispenal.jusneuquen.gov.ar/cgi-bin/koha/opac-retrieve-file.pl?id=4224fec27309707e0faf31b107fc9f0a">http://jurispenal.jusneuquen.gov.ar/cgi-bin/koha/opac-retrieve-file.pl?id=4224fec27309707e0faf31b107fc9f0a</a> |
| Texto del vínculo (R) | TI Sentencia 81/25 |
| 942 ## - Elementos Agregados (KOHA) | |
| Fuente de clasificación o esquema de estanterías | Dewey Decimal Classification |
| Tipo de material Koha (Default) | Acuerdos |
No items available.

